| 000 | 00503cam a22001217a 4500 | ||
|---|---|---|---|
| 008 | 180718b1957 xxu||||| |||| 00| 0 eng d | ||
| 082 | _aW1234x54 In2 | ||
| 100 | _aIndia. Railway Freight Structure Enquiry Committee | ||
| 245 |
_aReport on the Railway Freight Structure Enquiry Committee, 1955-57 _cby Ministry of Railways |
||
| 260 |
_aNew Delhi _bMinistry of Railways _c1957 |
||
| 300 | _a2 Vols. | ||
| 500 | _aContents: V.1. 2 Parts. Pt. 1. 355+p; Pt. 2. 111+p; V.2. 2. Parts. Pt. 649+p; Pt. 2. P 650-1219 | ||
| 999 |
_c394688 _d394688 |
||